| 000 | 00410nam a22001697a 4500 | ||
|---|---|---|---|
| 003 | NUST - PNEC | ||
| 005 | 20170116181120.0 | ||
| 008 | 151004b xxu||||| |||| 00| 0 eng d | ||
| 020 | _a- | ||
| 040 | _cLIBRARY | ||
| 082 | _a658 BAR | ||
| 100 |
_913449 _aBarry, W. S. |
||
| 245 |
_aThe fundamentals of management _cW. S. Barry |
||
| 260 | _cc.1964 | ||
| 650 |
_913450 _aManagements _xMIS |
||
| 942 |
_2ddc _cBK |
||
| 999 |
_c69527 _d69527 |
||